000 00405nam a22001577a 4500
999 _c11440
_d11440
003 OSt
008 220716b ||||| |||| 00| 0 eng d
020 _a9789389354836
082 _a615.19 MIC
100 _aMITTAL,Niti
245 _aClinical Research: Principles Practices Perspectives
260 _aHyderabad
_bPharmaMed Press
_c2021
300 _a466
650 _aPharmacy Practice
942 _2ddc
_cBK